Language Quiz

Random Language or Spanish Quiz

Spanish: 'To Be' Quiz Stats

 Plays Quiz Updated Mar 19, 2020

Support Sporcle.
Go Orange.
Score 0/8 Timer 01:00
0 Plays Today
Pronombre Verbo % Correct
yosoy
97%
él/ellaes
95.9%
ustedes
95.9%
eres
86.8%
nosotrossomos
82.3%
ellos/ellasson
80.1%
ustedesson
80.1%
vosotrossois
55%

From the Vault

'A' Movie Quiz

by aquascape

Movies 7m
We can't be the only ones that saw this image and immediately thought, "Get off my plane!"
Remove Ads.
Support Sporcle.
Get the best of Sporcle when you Go Orange. This ad-free experience offers more features, more stats, and more fun while also helping to support Sporcle. Thank you for becoming a member.

Show Comments

Extras

Top Quizzes Today


Score Distribution

Your Account Isn't Verified!

In order to create a playlist on Sporcle, you need to verify the email address you used during registration. Go to your Sporcle Settings to finish the process.

Report this User

Report this user for behavior that violates our Community Guidelines.

Details: